000 00855nam a2200277 a 4500
001 26544
003 BD-RjUL
005 20211209051030.0
008 140322s1969 ii b 001 0 eng
035 _a(BD-RjUL)26614
040 _aLC
_beng
_cLC
_dLC
_dBD-RjUL
041 0 _aengsan
082 0 4 _a954
_bMAC 1969
_223
100 1 _aMajumdar, R. C.
_q(Ramesh Chandra)
_969649
245 1 0 _aCorporate life in ancient India /
_cby R. C. Majumdar.
250 _a3d ed.
260 _aCalcutta :
_bFirma K. L. Mukhopadhyay,
_c1969.
300 _aviii, 391 p. ;
_c20 cm.
504 _aIncludeds Bibliographical references
650 0 _aVillages
_zIndia.
_981645
650 0 _aGuilds
_zIndia.
_918052
651 0 _aIndia
_xSocial conditions.
_981646
651 0 _aIndia
_xPolitics and government
_yTo 997.
_977331
942 _2ddc
_cBK
999 _c26544
_d26544